El reto en la innovación docente : el EEES como punto de encuentro /
Saved in:
| Main Author: | |
|---|---|
| Format: | Electronic eBook |
| Language: | Spanish |
| Published: |
Madrid, [España] :
Visión Libros,
[2012]
|
| Series: | Nuevo impulso educativo.
|
| Subjects: | |
| Online Access: | Digitalia Hispánica |
| Tags: |
Add Tag
No Tags, Be the first to tag this record!
|
MARC
| LEADER | 00000nam a2200000Ii 4500 | ||
|---|---|---|---|
| 001 | DIGVISION0130 | ||
| 003 | NyNyDIG | ||
| 006 | m o d | ||
| 007 | cr ||||||||||| | ||
| 008 | 220422s2012 sp a ob 000 0 spa d | ||
| 035 | |a (OCoLC)1313666658 | ||
| 040 | |a DGITA |b eng |e rda |e pn |c DGITA | ||
| 020 | |a 9788490114759 |q eBook |q pdf | ||
| 020 | |z 9788490081204 | ||
| 043 | |a e------ | ||
| 050 | 1 | 4 | |a LC1033.5.E86 ebook |
| 100 | 1 | |a Caldevilla Domínguez, David, |d 1967- |e author. | |
| 245 | 1 | 3 | |a El reto en la innovación docente : |b el EEES como punto de encuentro / |c David Caldevilla Domínguez. |
| 264 | 1 | |a Madrid, [España] : |b Visión Libros, |c [2012] | |
| 300 | |a 1 online resource : |b illustrations. | ||
| 336 | |a text |b txt |2 rdacontent | ||
| 337 | |a computer |b c |2 rdamedia | ||
| 338 | |a online resource |b cr |2 rdacarrier | ||
| 347 | |a text file |2 rdaft | ||
| 347 | |b PDF | ||
| 490 | 1 | |a Nuevo impulso educativo | |
| 504 | |a Includes bibliographical references. | ||
| 588 | 0 | |a Online resource; title from PDF title page (Digitalia, viewed April 22, 2022) | |
| 650 | 0 | |a Competency based education |z European Union countries. | |
| 650 | 0 | |a Educational technology |z European Union countries. | |
| 655 | 0 | |a Electronic books. | |
| 791 | 2 | |a Digitalia (Firm), |e distributor. | |
| 793 | 0 | |g Digitalia eBook Collection: |a Visión Libros | |
| 776 | 0 | 8 | |i Print version: |a Caldevilla Domínguez, David, 1967- |t Reto en la innovación docente. |d Madrid, [España] : Visión Libros, [2012] |z 9788490081204 |
| 830 | 0 | |a Nuevo impulso educativo. | |
| 856 | 4 | 0 | |3 Digitalia Hispánica |u https://digitalia.unach.elogim.com/a/89014/ |
| 910 | |a Premium collection: 2022 | ||